000 00576nam a2200205 a 4500
005 20140310183200.0
008 021121s19uu xx 00 eng d
020 _a0240516508
050 _aTR 899
_b.C373 2001
100 _aCase, Dominic
245 _aFilm technology in post production /
_cDominic Case.
250 _a2nd ed.
260 _aUnited States :
_bFocal Press.,
_c2001.
300 _a221 p. :
_bill. ;
_c22 cm.
650 _aMotion pictures
_xediting
650 _aVideo tapes
_xediting
650 _aDigital video
942 _cBK
_2lcc
_kFOR
999 _c19839
_d19839